| 000 | 017500000a22003490004500 | ||
|---|---|---|---|
| 003 | EG-GiCUC | ||
| 005 | 20250223025709.0 | ||
| 008 | 081214s2008 ua dh f m 000 0 eng d | ||
| 040 |
_aEG-GiCUC _beng _cEG-GiCUC |
||
| 041 | 0 | _aEng | |
| 049 | _aDeposite | ||
| 097 | _aPh.D | ||
| 099 | _aCai01.11.10.Ph.D.2008.Ha.A | ||
| 100 | 0 | _aHanan Ali Gammaz | |
| 245 | 1 | 0 |
_aAssessment of the effect of the synergistic use of pentoxiphylline and sulphasalazine on the level of tumor necrosis facttor in pemphigus vulgaris / _cHanan Ali Gammaz ; Supervised Mohammad Aly Eldarouti , Salonas Ali Marzouk , Eren Ramzy Eskander |
| 246 | 1 | 5 | _aتقدير تأثير الاستعمال الاتحادى لعقارى البنتوكسفيللين وسلفاسالازين على مستوى عامل النخر الورمى فى مرض ذو الفقاع |
| 260 |
_aCairo : _bHanan Ali Gammaz , _c2008 |
||
| 300 |
_a203P. : _bcharts , facsimiles ; _c25cm |
||
| 502 | _aThesis(Ph.D.) - Cairo University - Faculty of Medicine - Department of Dermatology and Venerology | ||
| 520 | _aThis comparative double blinded study was carried to estimate the use of both sulfasalazine(SSZ)and pentoxiphylline(PTX)as an adjuvant therapy for PV.the rationale of using SSZ and PTX is that they are cheap effective anti TNF drugs and have minimal side effects and interactions | ||
| 530 | _aIssued also as CD | ||
| 653 | 4 | _aAnti TNF | |
| 653 | 4 | _aPemphigus | |
| 653 | 4 | _aPentoxiphylline | |
| 700 | 0 |
_aEren Ramzy Eskander , _eSupervisor |
|
| 700 | 0 |
_aMohammad Aly Eldarouti , _eSupervisor |
|
| 700 | 0 |
_aSalonas Ali Marzouk , _eSupervisor |
|
| 856 | _uhttp://172.23.153.220/th.pdf | ||
| 905 |
_aNazla _eRevisor |
||
| 905 |
_aSoheir _eCataloger |
||
| 942 |
_2ddc _cTH |
||
| 999 |
_c18653 _d18653 |
||